LEADER 00845nam0-22003011i-450- 001 990000363910403321 005 20001010 010 $a0-89116-669-6 035 $a000036391 035 $aFED01000036391 035 $a(Aleph)000036391FED01 035 $a000036391 100 $a20001010d--------km-y0itay50------ba 101 0 $aita 105 $ay-------001yy 200 1 $aHANDBOOK of flow visualization$fEdited by Wen-Jei Yang 210 $aNew York$cHemisphere Publishing Corporation$dcopyr. 1989 215 $aXVIII,672 p. ill. 27 cm 676 $a620.1'064 702 1$aYang,$bWen-Jei$f<1930- > 801 0$aIT$bUNINA$gRICA$2UNIMARC 901 $aBK 912 $a990000363910403321 952 $a04 044-163$bIRC 1834/L$fDINCH 959 $aDINCH 996 $aHANDBOOK of flow visualization$9125971 997 $aUNINA DB $aING01 LEADER 01226nam0-22003971i-450 001 990007059910403321 005 20200422120245.0 010 $a88-17-17105-0 035 $aFED01000705991 035 $a(Aleph)000705991FED01 100 $a20020308d1997----km-y0itay50------ba 101 2 $aita$cgrc 102 $aIT 105 $a--------001gd 200 1 $aAitia$aGiambi$aFrammenti elegiaci minori$aFrammenti di sede incerta$fCallimaco$gTraduzione e note di Giovan Battista D'Alessio 205 $a2. ed. 210 $aMilano$cRizzoli$d1997 215 $a366-794 p.$d18 cm 225 1 $aClassici della BUR 500 10$aAetia$919990 500 10$aIambi$919991 500 10$aCarmina epica et elegiaca$931964 500 11$aFragmenta incertae sedis$min greco e in italiano$931965 676 $a884$v20$zit 700 1$aCallimachus$f$0161836 702 1$aD'Alessio,$bGiovan Battista 801 0$aIT$bUNINA$gRICA$2UNIMARC 901 $aBK 912 $a990007059910403321 952 $aDirez.$b6473 (2) ddr$fDDR 959 $aDDR 996 $aCarmina epica et elegiaca$931964 996 $aAetia$919990 996 $aFragmenta incertae sedis$931965 996 $aIambi$919991 997 $aUNINA